Imiona na P - Statystyki

Ogólne statystyki
  • Ten quiz został rozwiązany 37 razy
  • Średni wynik to 9 z 16
Statystyki odpowiedzi
Hint Odpowiedź % Poprawnych
ż Paulina
97%
m Paweł
97%
ż Patrycja
94%
m Piotr
94%
m Patrycjusz
91%
m Patryk
91%
m Przemysław
82%
ż Paula
70%
ż Pola
70%
ż Pamela
45%
ż Pelagia
45%
ż Przemysława
36%
ż Piotra
12%
ż Pia
9%
m Platyn
0%
m Polian
0%
Nie znaleziono quizów pasujących do podanych kryteriów
Rozkład punktacji
Procent ludzi z każdym wynikiem
Percentyl według liczby udzielonych odpowiedzi
Twoja historia wyników
Nie rozwiązałeś tego quizu